00625nam a2200181Ia 4500952014600000999001700146003000400163005001700167008004100184040000900225082002200234100003300256245004500289260003800334300000800372650001300380942005000393 00102ddc40708SSaMESbMEScMALd2019-02-20g30.00l1m3o894.812301 KUN/Pp31504r2020-11-10 00:00:00s2020-01-13w2019-02-20yBKzGR30R2 c28847d28847OSt20210108145538.0190216s9999||||xx |||||||||||||| ||und|| coclc a894.812301bKUN/P a Kunhabdulla, Punathil96411 0aPooraprabandham /cPunathil Kunhabdulla bHaritham Book,aKozhikode:c2003. a64p aKathakal cBK2ddch894.812301iKUN/Pk894.812301mKUN/P